|
|
|
|
| LEADER |
00622nab a2200169 i 4500 |
| 001 |
misc54 |
| 005 |
20191106144323.0 |
| 008 |
170607s1894 hu o 0|| hun d |
| 040 |
|
|
|a SZTE Miscellanea Repozitórium
|b hun
|
| 041 |
|
|
|a hun
|
| 100 |
1 |
|
|a Tagányi Károly
|
| 245 |
1 |
3 |
|a Az első foglalás szabályozása az aranyosszéki Bogáthon
|h [elektronikus dokumentum] /
|c Tagányi Károly
|
| 260 |
|
|
|c 1894
|
| 300 |
|
|
|a 325-330
|
| 490 |
0 |
|
|a Magyar gazdaságtörténelmi szemle
|v 1
|
| 695 |
|
|
|a Közgazdaságtudomány, Gazdaságtörténet
|
| 856 |
4 |
0 |
|u http://misc.bibl.u-szeged.hu/54/1/gazd_tort_szeml_1894_325-330.pdf
|z Dokumentum-elérés
|